00563cam a22002171 4500001001300000003000400013005001700017008004100034010001700075035002000092040001800112042001200130050002000142100004900162245003900211260002000250300001500270500001300285500003000298999001700328sa 65009597 DLC20260227112203.0890921m19629999ii 000 0 urdr  asa 65009597  a(OCoLC)20376899 aDLCcWaUdDLC apremarc00aPK2200.B495bP31 aBhūpālī, ʻAbdulāḥad K̲h̲ān̲.10aPāndān vālī k̲h̲ālā. a[Bhopal,c1962- av.c19 cm. aIn Urdu. aText partially vocalized. c66290d66290